000 00308nam a22001337a 4500
008 181226b xxu||||| |||| 00| 0 eng d
020 _a9780321395344
041 _aeng
080 _29th
_a510
100 _a36
101 _aMAT
245 _aCalculus and its applications
_cBittinger,M.L
942 _2udc
_cBK
999 _c53771
_d53771